| 000 | 00715nam a2200253Ia 4500 | ||
|---|---|---|---|
| 003 | OSt | ||
| 005 | 20221006142249.0 | ||
| 006 | a|||||r|||| 00| 0 | ||
| 007 | ta | ||
| 008 | 221006b |||||||| |||| 00| 0 eng d | ||
| 020 |
_a9780521354738 _cP30.00 |
||
| 024 | _a5,842 | ||
| 037 | _cTextual | ||
| 040 |
_aEASL _cEASL _beng |
||
| 041 |
_2eng _aeng |
||
| 082 | _aX8(A):8.42.N8, M8 | ||
| 100 |
_aAOKI Masahiko _9251342 |
||
| 245 | 0 | _aInformation, incentives, and bargaining in the Japanese economy | |
| 260 |
_aCambridge _bCambridge University Press _c1988 |
||
| 300 |
_a320p. _ccm. |
||
| 490 | _v JEL | ||
| 942 |
_hX8(A):8.42.N8, M8 _cTEXL _2CC |
||
| 999 |
_c1073928 _d1073928 |
||